武豊 GⅠ・JpnⅠ勝利 - Statistics

General Stats
  • This quiz has been taken 102 times
    55 since last reset
  • The average score is 62 of 127
Answer Stats
Hint Answer % Correct
ディープインパクト 皐月賞
93%
ディープインパクト 東京優駿
93%
ディープインパクト 菊花賞
93%
ディープインパクト 天皇賞(春)
93%
ディープインパクト 宝塚記念
93%
ディープインパクト ジャパンカップ
93%
ディープインパクト 有馬記念
93%
2016 キタサンブラック 天皇賞(春)
83%
キタサンブラック ジャパンC
83%
2017 キタサンブラック 大阪杯
83%
キタサンブラック 天皇賞(春)
83%
キタサンブラック 天皇賞(秋)
83%
キタサンブラック 有馬記念
83%
2021 ドウデュース 朝日杯フューチュリティS
83%
2022 ドウデュース 東京優駿
83%
ドウデュース 有馬記念
83%
2024 ドウデュース 天皇賞(秋)
83%
ドウデュース ジャパンカップ
83%
オグリキャップ 安田記念
80%
オグリキャップ 有馬記念
80%
スペシャルウィーク 東京優駿
80%
1999 スペシャルウィーク 天皇賞(春)
80%
スペシャルウィーク 天皇賞(秋)
80%
スペシャルウィーク ジャパンC
80%
ウオッカ 天皇賞(秋)
76%
2009 ウオッカ ヴィクトリアM
76%
ウオッカ 安田記念
76%
1988 スーパークリーク 菊花賞
74%
スーパークリーク 天皇賞(秋)
74%
1990 スーパークリーク 天皇賞(春)
74%
1991 メジロマックイーン 天皇賞(春)
72%
1992 メジロマックイーン 天皇賞(春)
72%
メジロマックイーン 宝塚記念
72%
2013 キズナ 東京優駿
72%
2025 メイショウタバル 宝塚記念
72%
アドマイヤベガ 東京優駿
67%
イナリワン 天皇賞(春)
61%
イナリワン 宝塚記念
61%
2015 コパノリッキー フェブラリーS
59%
コパノリッキー JBCクラシック
59%
コパノリッキー かしわ記念
59%
コパノリッキー 帝王賞
59%
コパノリッキー かしわ記念
59%
1993 ベガ 桜花賞
57%
ベガ 優駿牝馬
57%
1996 エアグルーヴ 優駿牝馬
52%
エアグルーヴ 天皇賞(秋)
52%
ステイゴールド 香港ヴァーズ
52%
2000 エアシャカール 皐月賞
50%
エアシャカール 菊花賞
50%
2001 クロフネ NHKマイルC
50%
クロフネ ジャパンCダート
50%
2002 タニノギムレット 東京優駿
50%
カネヒキリ ジャパンダートダービー
50%
カネヒキリ ダービーグランプリ
50%
カネヒキリ ジャパンCダート
50%
2006 カネヒキリ フェブラリーS
50%
メイショウサムソン 天皇賞(秋)
50%
スマートファルコン JBCクラシック
50%
スマートファルコン 東京大賞典
50%
2011 スマートファルコン 帝王賞
50%
スマートファルコン JBCクラシック
50%
スマートファルコン 東京大賞典
50%
2012 スマートファルコン 川崎記念
50%
ナリタタイシン 皐月賞
43%
1997 シーキングザパール NHKマイルC
41%
シーキングザパール モーリス・ド・ゲスト賞
41%
ヴァーミリアン JBCクラシック
41%
ヴァーミリアン ジャパンCダート
41%
ヴァーミリアン 東京大賞典
41%
2008 ヴァーミリアン フェブラリーS
41%
ヴァーミリアン JBCクラシック
41%
ヴァーミリアン 帝王賞
41%
ヴァーミリアン JBCクラシック
41%
2010 ヴァーミリアン 川崎記念
41%
ワールドプレミア 菊花賞
41%
2023 ジャックドール 大阪杯
41%
バンブーメモリー スプリンターズS
39%
ダンスインザダーク 菊花賞
39%
2019 インティ フェブラリーS
39%
マーベラスサンデー 宝塚記念
37%
アドマイヤムーン ドバイデューティーフリー
37%
ローズキングダム ジャパンC
37%
エイシンヒカリ 香港カップ
37%
エイシンヒカリ イスパーン賞
37%
1989 シャダイカグラ 桜花賞
35%
1998 ファレノプシス 桜花賞
35%
ファレノプシス 秋華賞
35%
ビリーヴ スプリンターズS
35%
アドマイヤグルーヴ エリザベス女王杯
35%
アドマイヤグルーヴ エリザベス女王杯
35%
エアメサイア 秋華賞
33%
1994 オグリローマン 桜花賞
30%
ゴールドアリュール ジャパンダートダービー
30%
ファインモーション 秋華賞
30%
ファインモーション エリザベス女王杯
30%
ゴールドアリュール ダービーグランプリ
30%
ゴールドアリュール 東京大賞典
30%
2003 ゴールドアリュール フェブラリーS
30%
トーセンラー マイルCS
30%
トゥザヴィクトリー エリザベス女王杯
28%
ダンスパートナー 優駿牝馬
26%
ロジック NHKマイルC
26%
サダムパテック マイルCS
26%
ノットゥルノ ジャパンダートダービー
26%
アグネスワールド アベイユ・ド・ロンシャン賞
24%
アグネスワールド ジュライC
24%
2004 ダンスインザムード 桜花賞
24%
ヤマニンパラダイス 阪神3歳牝馬S
22%
2014 ワンダーアキュート 帝王賞
22%
タイムパラドックス ジャパンCダート
20%
2005 タイムパラドックス 川崎記念
20%
タイムパラドックス 帝王賞
20%
タイムパラドックス JBCクラシック
20%
1995 ハートレイク 安田記念
17%
アドマイヤマックス 高松宮記念
15%
2007 スズカフェニックス 高松宮記念
15%
スキーパラダイス ムーラン・ド・ロンシャン賞
13%
アウォーディー JBCクラシック
13%
ヤマニンアンプリメ JBCレディスクラシック
7%
インペリアルビューティ アベイユ・ド・ロンシャン賞
4%
ビッグウルフ ジャパンダートダービー
4%
アドマイヤホープ 全日本2歳優駿
4%
スターキングマン 東京大賞典
4%
マイネルセレクト JBCスプリント
4%
グレイスフルリープ コリアスプリント
2%
二ホンピロジュピタ マイルCS南部杯
0%
No matching quizzes found
Score Distribution
Percent of People with Each Score
Percentile by Number Answered
Your Score History
You have not taken this quiz since the last reset